000 004260000a22001690004500
003 MACL
005 20151220133526.0
008 151220b xxu||||| |||| 00| 0 eng d
040 _aMACL
_cMACL
041 _aEnglish
082 _a630/NAD
100 _aNandkarni, Dr K M
_921617
245 _aIndian Materia Medica
_bVol 1
260 _bPopular Book Depot
_aBombay
650 _aAgriculture
_921618
942 _cBK
_k630/NAN
_2ddc
999 _c39690
_d39690